Score 0/22 Timer 02:00
0 Plays Today
Hint 4-Letter Word % Correct
16 fluid ounces (US)PINT
94.2%
Strike with foota KICK
94.2%
ChoosePICK
92.8%
Perceive with earsHEAR
89.9%
Mountain topPEAK
87%
Hat restin the HEAD
87%
Slang for 'is not'AIN'T
85.5%
Mammal nippleTEAT
85.5%
Quarter bushelPECK
85.5%
Locate after seekingFIND
85.5%
Let use temporarilyLEND
85.5%
Hint 4-Letter Word % Correct
Boggy matterPEAT
84.1%
Tropical Asian woodTEAK
84.1%
Ray or Dave DaviesKINK
84.1%
Demonstrative pronounTHAT
82.6%
Benevolent naturedKIND
82.6%
Provide for oneselfFEND
82.6%
1960 ____ Martin songDEAN
82.6%
Confined, repressedPENT
81.2%
CherishedDEAR
81.2%
Take commandLEAD
79.7%
Excellent (informally)PHAT
76.8%
Remove Ads.
Support Sporcle.
Get the best of Sporcle when you Go Orange. This ad-free experience offers more features, more stats, and more fun while also helping to support Sporcle. Thank you for becoming a member.

You're not logged in!

Compare scores with friends on all Sporcle quizzes.
OR
Log In

Show Comments

Extras

Top Quizzes Today


Score Distribution

Your Account Isn't Verified!

In order to create a playlist on Sporcle, you need to verify the email address you used during registration. Go to your Sporcle Settings to finish the process.

Report this User

Report this user for behavior that violates our Community Guidelines.

Details: